000
00306nam a22001337a 4500
020
_a
81-85068-49-6
041
_a
ENG
100
_a
Egypt.H.T
245
_a
16th Congress on Irrigation and Drainage
260
_a
New Delhi
_b
ICID Central Office
_c
1996
300
_a
167
650
_a
IDE
856
_u
IDE ( 05 )
999
_c
1553
_d
1553